Hodnotenie podpory základných škôl z fondov Európskej únie diplomová práca

Gespeichert in:
Bibliographische Detailangaben
1. Verfasser: Mikulec, Vladimír
Körperschaft: Národohospodárska fakulta EU. Katedra verejnej správy a regionálneho rozvoja
Weitere Verfasser: Szitásiová, Valéria, 1987-
Format: Buch
Sprache:Slowakisch
Veröffentlicht: Bratislava 2016
Tags: Tag hinzufügen
Keine Tags, Fügen Sie das erste Tag hinzu!

MARC

LEADER 00000nbm a2200000 4500
001 0217918
005 20220509134847.3
041 0 |a slo 
044 |a SK 
245 1 0 |a Hodnotenie podpory základných škôl z fondov Európskej únie  |b diplomová práca  |c Vladimír Mikulec ; školiteľ: Valéria Szitásiová 
264 1 |a Bratislava  |c 2016 
300 |a 82 s. 
100 1 |a Mikulec, Vladimír 
700 1 |a Szitásiová, Valéria, 1987- 
710 2 |a Národohospodárska fakulta EU. Katedra verejnej správy a regionálneho rozvoja